000 00767nam a22001937a 4500
005 20250710144136.0
008 250710b |||||||| |||| 00| 0 eng d
020 _a978-93-5000-067-0 (hbk)
037 _cTB
040 _aCRL
_cCRL
084 _aO152,1:g(P:75) Q0
_qCRL
100 _aत्रिपाठी,राममूर्ति
_9815340
245 _aरस - विमर्श
260 _aनई दिल्ली, भारत:
_bवाणी प्रकाशन,
_c2010.
300 _a249पृ0
365 _b395.00
_cINR
942 _2CC
_cTB
_hO152,1:g(P:75) Q0
_n0
999 _c1433559
_d1433559